| 000 | 00836nam a2200301 a 4500 | ||
|---|---|---|---|
| 001 | 000107776 | ||
| 003 | CHAP | ||
| 005 | 20220329143943.0 | ||
| 008 | 131031s2008 sp a |r| ||||||spa d | ||
| 010 | _a104238 | ||
| 011 | _a105210 | ||
| 020 | _a9788484763468 | ||
| 040 | _cCHAP | ||
| 082 | 0 | 4 |
_a631.875 _bM84 |
| 100 | 1 |
_aMoreno Casco, Joaquín _9124507 |
|
| 245 | 1 | 0 |
_aCompostaje / _cpor Joaquín Moreno Casco y Raul Moral Herrero. |
| 260 |
_aMadrid : _bMundi-Prensa, _c2008. |
||
| 300 |
_a570 p. : _bil. |
||
| 590 |
_aE5765TAJ _b05 _c20131031 _lUCH01 _h1254 |
||
| 590 |
_aE5765TAJ _b05 _c20131104 _lUCH01 _h0847 |
||
| 650 | 1 | 4 |
_aCompost. _926105 |
| 650 | 1 | 4 |
_aFertilizantes y abonos. _940646 |
| 650 | 1 | 4 |
_aResiduos orgánicos. _996116 |
| 700 | 1 |
_aMoral Herrero, Raul _9124508 |
|
| 901 | _aBK | ||
| 942 | _cLIBRO | ||
| 942 | _n0 | ||
| 999 |
_c104238 _d104238 |
||